Ozeanische Millionenstädte - Sudden Death - Statistiken

Allgemein
  • Dieses Quiz wurde 307 mal gespielt
  • Das Durchschnittsergebnis liegt bei 4 aus 6
Answers on the Grid
Answers color-coded by a green-red scale on the quiz's grid according to % correct below.
Adelaide
Auckland
Brisbane
Cairns
Canberra
Christchurch
Geelong
Gold Coast
Hobart
Lae
Melbourne
Perth
Port Moresby
Sunshine Coast
Suva
Sydney
Townsville
Wellington
 
Antwortstatistiken
Antwort % Korrekt
Sydney
85%
Melbourne
73%
Brisbane
60%
Auckland
59%
Perth
58%
Adelaide
49%
Keine übereinstimmenden Quizze gefunden
Verteilung der Resultate
Anzahl Personen mit jedem Resultat
Perzentil nach korrekt beantworteten Fragen
Ihre Resultats-Entwicklung
Sie haben dieses Quiz noch nicht gespielt